| 000 | 02051nam a2200277 a 4500 | ||
|---|---|---|---|
| 008 | 120416s1986 ||||||||||||||||| || u | ||
| 020 | _a0471627968 | ||
| 050 | _aTH 6010 Ste | ||
| 100 | _aStein, Benjamin | ||
| 245 | 1 | 0 | _aMechanical and electrical equipment for buildings; vol 1 & 2. (7th ed.) |
| 250 | _a7th ed. | ||
| 260 |
_aNew York _bJohn Wiley and Sons _c1986 |
||
| 300 | _a2vols. : ill. | ||
| 350 | _a0.00 | ||
| 700 | _aMcGuinness, William J | ||
| 995 |
_aMAIN LIBRARY OPEN ACCESS _D0.00 _e016291 _FCBU-MAIN LIBRARY (Kitwe) _H6 _I15.95 _jTH 6010 Ste _M2 _UAVAILABLE _y016291 _ZMain Library Open Access Collection |
||
| 995 |
_aANNEX COLLECTION (Main Library) _D0.00 _e723011 _FCBU-MAIN LIBRARY (Kitwe) _H5 _I15.95 _jTH 6010 Ste _M4 _UAVAILABLE _y016293 _ZAnnex Low-Usage Collection |
||
| 995 |
_aANNEX COLLECTION (Main Library) _D0.00 _e723013 _FCBU-MAIN LIBRARY (Kitwe) _H1 _I15.95 _jTH 6010 Ste _M3 _UAVAILABLE _y016292 _ZAnnex Low-Usage Collection |
||
| 995 |
_aTEXTBOOKS (SBE) _D0.00 _e2117 _FCBU-SCHOOL TEXTBOOK COLLECTIONS _H1 _I0.00 _jSCHOOL TEXTBOOK _M7 _UAVAILABLE _WNov 17, 2008 _y2117 _ZSchool Collections |
||
| 995 |
_aTEXTBOOKS (SBE) _D0.00 _e2106 _FCBU-SCHOOL TEXTBOOK COLLECTIONS _H1 _I0.00 _jSCHOOL TEXTBOOK _M9 _UAVAILABLE _WNov 17, 2008 _y2106 _ZSchool Collections |
||
| 995 |
_aANNEX COLLECTION (Main Library) _D0.00 _e016290 _FCBU-MAIN LIBRARY (Kitwe) _H3 _I15.95 _jTH 6010 Ste _M1 _UAVAILABLE _y016290 _ZAnnex Low-Usage Collection |
||
| 995 |
_aANNEX COLLECTION (Main Library) _D0.00 _e723010 _FCBU-MAIN LIBRARY (Kitwe) _H4 _I15.95 _jTH 6010 Ste _M6 _UAVAILABLE _y016295 _ZAnnex Low-Usage Collection |
||
| 995 |
_aTEXTBOOKS (SBE) _D0.00 _e2100 _FCBU-SCHOOL TEXTBOOK COLLECTIONS _H1 _I0.00 _jSCHOOL TEXTBOOK _M8 _UAVAILABLE _WNov 17, 2008 _y2100 _ZSchool Collections |
||
| 995 |
_aTEXTBOOKS (SBE) _D0.00 _e2104 _FCBU-SCHOOL TEXTBOOK COLLECTIONS _H1 _I0.00 _jSCHOOL TEXTBOOK _M10 _UAVAILABLE _WNov 17, 2008 _y2104 _ZSchool Collections |
||
| 995 |
_aANNEX COLLECTION (Main Library) _D0.00 _e720959 _FCBU-MAIN LIBRARY (Kitwe) _H2 _I64.85 _jTH 6010 Lew _UAVAILABLE _y016294 _ZAnnex Low-Usage Collection |
||
| 999 |
_c82810 _d82810 |
||